[Event "Riedstra mem U2000"]
[Site "Kitchener CAN"]
[Date "2012.03.11"]
[Round "4"]
[White "Forsyth, Garrett"]
[Black "Brammall, Stuart"]
[Result "0-1"]
[WhiteElo "1655"]
[BlackElo "1982"]
[PlyCount "108"]
[GameId "2160767909576059"]
[EventDate "2012.03.09"]
[EventType "swiss"]
[EventRounds "5"]
[EventCountry "CAN"]
[SourceTitle "EXT 2022"]
[Source "ChessBase"]
[SourceDate "2021.10.06"]
[SourceVersion "1"]
[SourceVersionDate "2021.10.06"]
[SourceQuality "1"]

1. e4 e5 2. Nf3 Nc6 3. Bb5 Nf6 4. O-O Nxe4 5. Re1 Nd6 6. Ba4 Be7 7. Nxe5 Nxe5 8. Rxe5 O-O 9. Nc3 Bf6 10. Re1 b6 11. Nd5 c6 12. Nxf6+ Qxf6 13. Qg4 Ba6 14. d3 Rae8 15. Bf4 Bc8 16. c3 Nb7 17. d4 d5 18. Qg3 Bd7 19. Be5 Qg6 20. Qxg6 hxg6 21. h3 Re6 22. g4 Rfe8 23. Kf1 Na5 24. Bf4 Nc4 25. Rxe6 Rxe6 26. Rb1 Bc8 27. Bd1 Re4 28. Bc1 Nd6 29. f3 Ba6+ 30. Kf2 Bd3 31. Ra1 Re6 32. b3 Nb5 33. Bb2 Nd6 34. a4 g5 35. Bc1 f6 36. Ra2 Kf7 37. Be2 Rxe2+ 38. Rxe2 Bxe2 39. Kxe2 a6 40. Ba3 Nb7 41. c4 Na5 42. cxd5 cxd5 43. b4 Nc6 44. Ke3 b5 45. axb5 axb5 46. Kd3 f5 47. Kc3 Nd8 48. Bc1 Kf6 49. Kd3 Ne6 50. Ke3 Nf4 51. Bd2 Nxh3 52. Ke2 Nf4+ 53. Kf2 Kg6 54. Bc1 Nd3+ 0-1

[Event "Riedstra mem U2000"]
[Site "Kitchener CAN"]
[Date "2012.03.11"]
[Round "4"]
[White "Furman, Eugene"]
[Black "Li, Hongyi (Tony)"]
[Result "1-0"]
[WhiteElo "1915"]
[BlackElo "1702"]
[PlyCount "47"]
[GameId "2160767909576060"]
[EventDate "2012.03.09"]
[EventType "swiss"]
[EventRounds "5"]
[EventCountry "CAN"]

1. f4 d5 2. e3 Nc6 3. Bb5 a6 4. Bxc6+ bxc6 5. Nf3 h5 6. b3 a5 7. Nc3 Bg4 8. h3 Bf5 9. Ba3 g6 10. Bc5 Nf6 11. Ne5 Ra6 12. Qe2 Qc8 13. Bd4 Ne4 14. Nxe4 dxe4 15. Nxf7 Rg8 16. Ne5 a4 17. g4 axb3 18. gxf5 Rxa2 19. Rxa2 bxa2 20. Qc4 Rg7 21. Qxc6+ Kd8 22. Qd5+ Ke8 23. Qxa2 gxf5 24. Qa4+ 1-0

[Event "Riedstra mem U2000"]
[Site "Kitchener CAN"]
[Date "2012.03.11"]
[Round "4"]
[White "Hassain, Mahmud"]
[Black "Deline, Ralph"]
[Result "1-0"]
[WhiteElo "1936"]
[BlackElo "1756"]
[PlyCount "97"]
[GameId "2160767909576061"]
[EventDate "2012.03.09"]
[EventType "swiss"]
[EventRounds "5"]
[EventCountry "CAN"]
[SourceTitle "EXT 2022"]
[Source "ChessBase"]
[SourceDate "2021.10.06"]
[SourceVersion "1"]
[SourceVersionDate "2021.10.06"]
[SourceQuality "1"]

1. e4 c5 2. Nf3 g6 3. c4 Bg7 4. d4 cxd4 5. Nxd4 Nc6 6. Nc2 Nf6 7. Nc3 d6 8. Be2 O-O 9. Be3 Be6 10. b3 Qa5 11. Qd2 Rac8 12. Rc1 Nd7 13. Na4 Qxd2+ 14. Bxd2 f5 15. exf5 Bxf5 16. Ne3 Be6 17. O-O Nd4 18. Rfe1 Nxe2+ 19. Rxe2 Ne5 20. Nf1 Bd7 21. Nc3 Bc6 22. Be3 b6 23. f3 Nd3 24. Rd1 Ne5 25. Nd5 Rf7 26. a4 Bxd5 27. Rxd5 Nc6 28. Ng3 Kf8 29. Ne4 h6 30. Red2 Na5 31. R5d3 Rc7 32. Re2 Nc6 33. f4 Nb4 34. Rd1 Kg8 35. g3 Nc6 36. h4 Kh7 37. Kg2 Rf5 38. g4 Rf8 39. h5 gxh5 40. Rh1 Nd4 41. Bxd4 Bxd4 42. f5 Rg8 43. g5 hxg5 44. Rxh5+ Kg7 45. Rxg5+ Kf7 46. Rxg8 Kxg8 47. Kf3 Kf7 48. Ng5+ Kf6 49. Ne6 1-0

[Event "Riedstra mem U2000"]
[Site "Kitchener CAN"]
[Date "2012.03.11"]
[Round "4"]
[White "Kiss, Istvan3"]
[Black "Dragusanu, George"]
[Result "1/2-1/2"]
[WhiteElo "1811"]
[BlackElo "1587"]
[PlyCount "61"]
[GameId "2160767909576062"]
[EventDate "2012.03.09"]
[EventType "swiss"]
[EventRounds "5"]
[EventCountry "CAN"]
[SourceTitle "EXT 2022"]
[Source "ChessBase"]
[SourceDate "2021.10.06"]
[SourceVersion "1"]
[SourceVersionDate "2021.10.06"]
[SourceQuality "1"]

1. e4 e5 2. Nf3 Nc6 3. d4 exd4 4. Nxd4 Bc5 5. Nb3 Bb6 6. Nc3 Nf6 7. Bd3 d6 8. O-O h6 9. Nd5 O-O 10. Kh1 Nxd5 11. exd5 Ne5 12. Be2 Bf5 13. c3 Qh4 14. Be3 Ng4 15. Bxg4 Bxg4 16. Qd2 Rfe8 17. a4 Re5 18. Nd4 Rxd5 19. f3 Bd7 20. Bf2 Qf6 21. Qc2 Re8 22. Rfd1 Rde5 23. Bg3 Bxd4 24. cxd4 Re2 25. Qxc7 Bh3 26. Rg1 Bxg2+ 27. Rxg2 Qxf3 28. Rag1 Rxg2 29. Rxg2 Qf1+ 30. Rg1 Qf3+ 31. Rg2 1/2-1/2

[Event "Riedstra mem U2000"]
[Site "Kitchener CAN"]
[Date "2012.03.11"]
[Round "4"]
[White "Phillips, Shawn"]
[Black "Baljeu, Alan"]
[Result "1-0"]
[WhiteElo "1872"]
[BlackElo "1945"]
[PlyCount "87"]
[GameId "2160767909576063"]
[EventDate "2012.03.09"]
[EventType "swiss"]
[EventRounds "5"]
[EventCountry "CAN"]
[SourceTitle "EXT 2022"]
[Source "ChessBase"]
[SourceDate "2021.10.06"]
[SourceVersion "1"]
[SourceVersionDate "2021.10.06"]
[SourceQuality "1"]

1. e4 g6 2. d4 Bg7 3. Nf3 d6 4. Nc3 Nd7 5. Be3 e5 6. Qd2 h6 7. O-O-O a6 8. Bc4 b5 9. Bd5 Rb8 10. Bc6 f6 11. dxe5 fxe5 12. Ba7 Rb7 13. Bxb7 Bxb7 14. Rhe1 Ngf6 15. Nd5 O-O 16. Qd3 Bxd5 17. exd5 Qa8 18. Qxg6 Qxa7 19. Nd4 exd4 20. Re7 Ne8 21. Rxd7 d3 22. Rxd3 Qxf2 23. Rd1 Qe3+ 24. Kb1 Qe5 25. Qe6+ Kh8 26. Qxe5 Bxe5 27. g3 Kg8 28. a3 Rf2 29. Rh1 Bf6 30. g4 Rf4 31. Rg1 Bg5 32. Rg2 a5 33. c3 b4 34. axb4 axb4 35. Kc2 Kf8 36. Kb3 Bh4 37. Rh7 Bg5 38. c4 Nf6 39. Rxc7 Nxg4 40. Re2 Nf6 41. Rb7 Ng4 42. Kxb4 Rf3 43. b3 Be3 44. Kb5 1-0

[Event "Riedstra mem U2000"]
[Site "Kitchener CAN"]
[Date "2012.03.11"]
[Round "4"]
[White "Piccinin, Mario"]
[Black "Echavarria-Hidalgo, Fernando"]
[Result "1-0"]
[WhiteElo "1700"]
[BlackElo "1679"]
[PlyCount "119"]
[GameId "2160767909576064"]
[EventDate "2012.03.09"]
[EventType "swiss"]
[EventRounds "5"]
[EventCountry "CAN"]
[SourceTitle "EXT 2022"]
[Source "ChessBase"]
[SourceDate "2021.10.06"]
[SourceVersion "1"]
[SourceVersionDate "2021.10.06"]
[SourceQuality "1"]

1. b3 e5 2. Bb2 Nc6 3. e3 d5 4. Bb5 e4 5. f3 Qg5 6. Qe2 Bd6 7. f4 Qg6 8. Nc3 Nf6 9. Qf2 Bd7 10. Bxc6 bxc6 11. h3 c5 12. Nce2 h5 13. O-O-O a5 14. d3 a4 15. dxe4 Nxe4 16. Qf3 axb3 17. axb3 c6 18. Nc3 Bf5 19. Nxe4 Bxe4 20. Qe2 O-O 21. Nf3 Ra2 22. Nh4 Qh6 23. Nf3 Bxf3 24. gxf3 Rfa8 25. Rhg1 f6 26. Qd3 Bxf4 27. exf4 Qxf4+ 28. Kb1 R2a7 29. Qc3 c4 30. Qxf6 Qxf6 31. Bxf6 cxb3 32. cxb3 Rf8 33. Bd4 Rb7 34. Rd3 Rf4 35. Kb2 Kf8 36. Rc1 Rbf7 37. Rxc6 Rxf3 38. Rc8+ Ke7 39. Rxf3 Rxf3 40. Rc7+ Ke6 41. Rxg7 Rxh3 42. Rg5 h4 43. Kc2 Rh2+ 44. Kc3 h3 45. Rh5 Rh1 46. Kb4 h2 47. Be5 d4 48. Rxh2 Rd1 49. Bf4 Kd5 50. Rd2 Rh1 51. Be3 Rh4 52. Rxd4+ Rxd4+ 53. Bxd4 Kxd4 54. Kb5 Kd5 55. Kb6 Kd6 56. b4 Kd7 57. Kb7 Kd8 58. b5 Kd7 59. b6 Kd8 60. Ka7 1-0

[Event "Riedstra mem U2000"]
[Site "Kitchener CAN"]
[Date "2012.03.11"]
[Round "4"]
[White "Serdula, Jay"]
[Black "Ortiz, Hugo"]
[Result "1-0"]
[WhiteElo "1844"]
[BlackElo "1608"]
[PlyCount "49"]
[GameId "2160767909576065"]
[EventDate "2012.03.09"]
[EventType "swiss"]
[EventRounds "5"]
[EventCountry "CAN"]
[SourceTitle "EXT 2022"]
[Source "ChessBase"]
[SourceDate "2021.10.06"]
[SourceVersion "1"]
[SourceVersionDate "2021.10.06"]
[SourceQuality "1"]

1. e4 c6 2. d4 d5 3. e5 Bf5 4. f4 c5 5. c3 Qb6 6. Nf3 e6 7. Bd3 Bxd3 8. Qxd3 cxd4 9. cxd4 g6 10. Nc3 Nc6 11. O-O Nh6 12. Na4 Qb4 13. b3 Nf5 14. Bd2 Qe7 15. Rfc1 Bh6 16. Rc2 O-O 17. Rac1 Nh4 18. Nxh4 Qxh4 19. Nc5 Ne7 20. Nxb7 Rac8 21. g3 Qh5 22. Bb4 Rxc2 23. Rxc2 Rb8 24. Bxe7 Rxb7 25. Rc8+ 1-0

[Event "Riedstra mem U2000"]
[Site "Kitchener CAN"]
[Date "2012.03.11"]
[Round "4"]
[White "Supsup, Ferdinand"]
[Black "Gillanders, Robert"]
[Result "0-1"]
[WhiteElo "1889"]
[BlackElo "1866"]
[PlyCount "132"]
[GameId "2160767909576066"]
[EventDate "2012.03.09"]
[EventType "swiss"]
[EventRounds "5"]
[EventCountry "CAN"]
[SourceTitle "EXT 2022"]
[Source "ChessBase"]
[SourceDate "2021.10.06"]
[SourceVersion "1"]
[SourceVersionDate "2021.10.06"]
[SourceQuality "1"]

1. e4 c5 2. Nc3 Nc6 3. f4 g6 4. Nf3 Bg7 5. Bb5 a6 6. Bd3 d6 7. O-O e6 8. a4 Nge7 9. Qe1 O-O 10. Qh4 f5 11. Bc4 Nd4 12. d3 d5 13. Bb3 Nxb3 14. cxb3 d4 15. Nb1 Nc6 16. Qe1 Nb4 17. Qd1 fxe4 18. dxe4 b6 19. Na3 Bb7 20. e5 Bd5 21. Nc4 Qc7 22. Qe2 a5 23. Ng5 Rad8 24. Bd2 d3 25. Qg4 Qc6 26. h3 Nc2 27. Rad1 Nd4 28. Bc3 h5 29. Qh4 Ne2+ 30. Kh2 Bxg2 31. Rf2 Nxc3 32. bxc3 Be4 33. Nd6 Bf5 34. c4 Rxd6 35. exd6 Qxd6 36. Nf3 Bf6 37. Qg3 Kh7 38. Ne5 h4 39. Qe3 Bxe5 40. fxe5 Qe7 41. Rg1 Qg7 42. Qf4 Qh6 43. Qf3 Rd8 44. Rd1 Qg7 45. Qe3 Rd4 46. Rdf1 Re4 47. Qxe4 Bxe4 48. Rf7 Bf5 49. Rxg7+ Kxg7 50. Kg2 g5 51. Rd1 Kg6 52. Kf3 Kh5 53. Rd2 g4+ 54. hxg4+ Bxg4+ 55. Kf4 Be2 56. Rb2 Bg4 57. Rg2 Bf5 58. Rg8 h3 59. Rh8+ Kg6 60. Ke3 Kg7 61. Rh4 Kg6 62. Kf3 Kg5 63. Rh8 d2 64. Rg8+ Bg6 65. Ke2 h2 66. Rh8 Bh5+ 0-1

[Event "Riedstra mem U2000"]
[Site "Kitchener CAN"]
[Date "2012.03.11"]
[Round "4"]
[White "Wang, Eric1"]
[Black "Itkin, Victor"]
[Result "1-0"]
[WhiteElo "1717"]
[BlackElo "1705"]
[PlyCount "117"]
[GameId "2160767909576067"]
[EventDate "2012.03.09"]
[EventType "swiss"]
[EventRounds "5"]
[EventCountry "CAN"]
[SourceTitle "EXT 2022"]
[Source "ChessBase"]
[SourceDate "2021.10.06"]
[SourceVersion "1"]
[SourceVersionDate "2021.10.06"]
[SourceQuality "1"]

1. d4 Nf6 2. c4 e5 3. dxe5 Ng4 4. Nf3 Nc6 5. Bf4 Bb4+ 6. Nbd2 Qe7 7. a3 Ngxe5 8. Nxe5 Nxe5 9. Bxe5 Bxd2+ 10. Qxd2 Qxe5 11. e3 O-O 12. Be2 Re8 13. Rc1 c6 14. Qc3 Qg5 15. Bf3 d6 16. Qd4 Bf5 17. O-O Re6 18. Rfd1 Rf6 19. Kh1 Re8 20. Rd2 Rh6 21. Rcd1 d5 22. cxd5 cxd5 23. Qa4 Qe7 24. Rxd5 Rh4 25. Qb5 a6 26. Qc5 Qxc5 27. Rxc5 Be4 28. Bxe4 Rhxe4 29. Rc7 b5 30. Rc6 R4e6 31. Rxe6 fxe6 32. h3 Kf7 33. Kh2 Rc8 34. Rd2 a5 35. Kg3 Rc4 36. Rd7+ Kf6 37. Rb7 b4 38. axb4 axb4 39. b3 Re4 40. Kf3 Rh4 41. e4 h5 42. Rxb4 e5 43. Rc4 g5 44. Rc5 Rf4+ 45. Ke3 g4 46. hxg4 Rxg4 47. g3 h4 48. gxh4 Rxh4 49. Rc2 Rh3+ 50. f3 Rh8 51. b4 Rb8 52. Rb2 Rb7 53. Kd3 Kg5 54. Rb3 Rc7 55. b5 Kf4 56. b6 Rb7 57. Kc4 Rb8 58. b7 Kg5 59. Kc5 1-0

[Event "Riedstra mem U2000"]
[Site "Kitchener CAN"]
[Date "2012.03.11"]
[Round "5"]
[White "Baljeu, Alan"]
[Black "Chuchin, Sasha"]
[Result "1-0"]
[WhiteElo "1945"]
[BlackElo "1668"]
[PlyCount "53"]
[GameId "2160767909576068"]
[EventDate "2012.03.09"]
[EventType "swiss"]
[EventRounds "5"]
[EventCountry "CAN"]
[SourceTitle "EXT 2022"]
[Source "ChessBase"]
[SourceDate "2021.10.06"]
[SourceVersion "1"]
[SourceVersionDate "2021.10.06"]
[SourceQuality "1"]

1. c4 e5 2. g3 Bc5 3. Nc3 d6 4. Bg2 c6 5. e3 Nf6 6. d4 Bb6 7. dxe5 dxe5 8. Qxd8+ Bxd8 9. Nf3 Bc7 10. e4 a5 11. b3 h6 12. Ba3 Na6 13. O-O Bd7 14. c5 O-O-O 15. Rfe1 Be6 16. Bf1 Nb4 17. Bxb4 axb4 18. Na4 Nd7 19. Rec1 f6 20. Nb2 Nb8 21. Kg2 g5 22. a3 Bxb3 23. axb4 g4 24. Nh4 Rd4 25. b5 Rxe4 26. b6 Bd8 27. Bd3 1-0

[Event "Riedstra mem U2000"]
[Site "Kitchener CAN"]
[Date "2012.03.11"]
[Round "5"]
[White "Brammall, Stuart"]
[Black "Furman, Eugene"]
[Result "1-0"]
[WhiteElo "1982"]
[BlackElo "1915"]
[PlyCount "39"]
[GameId "2160767909576069"]
[EventDate "2012.03.09"]
[EventType "swiss"]
[EventRounds "5"]
[EventCountry "CAN"]
[SourceTitle "EXT 2022"]
[Source "ChessBase"]
[SourceDate "2021.10.06"]
[SourceVersion "1"]
[SourceVersionDate "2021.10.06"]
[SourceQuality "1"]

1. e4 Nf6 2. e5 Nd5 3. d4 d6 4. Nf3 dxe5 5. Nxe5 c6 6. Be2 g6 7. O-O Bg7 8. c4 Nb6 9. Nc3 Bf5 10. Be3 Be6 11. b3 N8d7 12. Nf3 Bg4 13. Rc1 e6 14. Re1 O-O 15. Ne4 Qe7 16. Bf4 Nc8 17. h3 Bxf3 18. Bxf3 Bxd4 19. Qxd4 e5 20. Qxd7 1-0

[Event "Riedstra mem U2000"]
[Site "Kitchener CAN"]
[Date "2012.03.11"]
[Round "5"]
[White "Deline, Ralph"]
[Black "Piccinin, Mario"]
[Result "1-0"]
[WhiteElo "1756"]
[BlackElo "1700"]
[PlyCount "53"]
[GameId "2160767909576070"]
[EventDate "2012.03.09"]
[EventType "swiss"]
[EventRounds "5"]
[EventCountry "CAN"]
[SourceTitle "EXT 2022"]
[Source "ChessBase"]
[SourceDate "2021.10.06"]
[SourceVersion "1"]
[SourceVersionDate "2021.10.06"]
[SourceQuality "1"]

1. e4 e5 2. Nf3 Nc6 3. d4 exd4 4. Bc4 Bc5 5. c3 d3 6. Qxd3 Qe7 7. O-O Ne5 8. Nxe5 Qxe5 9. Nd2 Nf6 10. Nf3 Qe7 11. e5 Ng4 12. Bg5 Nxf2 13. Rxf2 Bxf2+ 14. Kxf2 Qc5+ 15. Be3 Qe7 16. Ng5 Kf8 17. Nxf7 d5 18. Qxd5 c6 19. Qf3 Be6 20. Bxe6 Ke8 21. Nd6+ Kd8 22. Bg5 Qxg5 23. Nf7+ Ke7 24. Nxg5 Rhf8 25. Bf7 h6 26. e6 hxg5 27. Rd1 1-0

[Event "Riedstra mem U2000"]
[Site "Kitchener CAN"]
[Date "2012.03.11"]
[Round "5"]
[White "Dragusanu, George"]
[Black "Echavarria-Hidalgo, Fernando"]
[Result "0-1"]
[WhiteElo "1587"]
[BlackElo "1679"]
[PlyCount "27"]
[GameId "2160767909576071"]
[EventDate "2012.03.09"]
[EventType "swiss"]
[EventRounds "5"]
[EventCountry "CAN"]
[SourceTitle "EXT 2022"]
[Source "ChessBase"]
[SourceDate "2021.10.06"]
[SourceVersion "1"]
[SourceVersionDate "2021.10.06"]
[SourceQuality "1"]

1. e4 c5 2. Nf3 d6 3. d4 cxd4 4. Nxd4 Nf6 5. Nc3 a6 6. Be2 e5 7. Nb3 Be7 8. Bg5 O-O 9. Bxf6 gxf6 10. Nd5 Nc6 11. O-O b5 12. c3 Bb7 13. Bxb5 axb5 14. Nd2 0-1

[Event "Riedstra mem U2000"]
[Site "Kitchener CAN"]
[Date "2012.03.11"]
[Round "5"]
[White "Forsyth, Barry"]
[Black "Finlay, Ian"]
[Result "0-1"]
[WhiteElo "1680"]
[BlackElo "1882"]
[PlyCount "124"]
[GameId "2160767909576072"]
[EventDate "2012.03.09"]
[EventType "swiss"]
[EventRounds "5"]
[EventCountry "CAN"]
[SourceTitle "EXT 2022"]
[Source "ChessBase"]
[SourceDate "2021.10.06"]
[SourceVersion "1"]
[SourceVersionDate "2021.10.06"]
[SourceQuality "1"]

1. e4 e5 2. Bc4 Nf6 3. d3 Nc6 4. a3 Bc5 5. Be3 Qe7 6. Nd2 O-O 7. h3 d6 8. Ngf3 Be6 9. Bxc5 dxc5 10. Bxe6 Qxe6 11. O-O Rad8 12. Nh4 g6 13. Qe1 Nd4 14. Rc1 Qe7 15. Nhf3 Nc6 16. Qe3 Kg7 17. Nh2 Nh5 18. Ndf3 h6 19. g3 Nf6 20. Kg2 Na5 21. Ng4 Nxg4 22. hxg4 a6 23. Rh1 Rh8 24. Rh2 b6 25. Rch1 g5 26. Qe1 Qe6 27. Qc3 Nc6 28. b4 cxb4 29. axb4 f6 30. Ra1 Ra8 31. Rhh1 Rhc8 32. Nd2 Nd4 33. f3 c5 34. Qc4 cxb4 35. Qxe6 Nxe6 36. Nc4 b5 37. Ne3 Nd4 38. Ra2 a5 39. Rb2 Rc7 40. Ra2 Rcc8 41. Rb2 Rc3 42. Rf1 Rac8 43. Rf2 b3 44. cxb3 Rxb3 45. Nf5+ Kf8 46. Nxd4 Rxb2 47. Rxb2 exd4 48. Rxb5 Ra8 49. Rb3 a4 50. Ra3 Ke7 51. Kf2 Kd6 52. f4 Kc5 53. Kf3 Kb4 54. Ra1 Kc3 55. Ke2 Kb2 56. Rd1 a3 57. Rd2+ Kb3 58. e5 fxe5 59. Kf3 a2 60. Rxa2 Rxa2 61. fxe5 Kc3 62. Ke4 Re2+ 0-1

[Event "Riedstra mem U2000"]
[Site "Kitchener CAN"]
[Date "2012.03.11"]
[Round "5"]
[White "Gashgarian, Robert"]
[Black "Forsyth, Garrett"]
[Result "1-0"]
[WhiteElo "1961"]
[BlackElo "1655"]
[PlyCount "51"]
[GameId "2160767909576073"]
[EventDate "2012.03.09"]
[EventType "swiss"]
[EventRounds "5"]
[EventCountry "CAN"]
[SourceTitle "EXT 2022"]
[Source "ChessBase"]
[SourceDate "2021.10.06"]
[SourceVersion "1"]
[SourceVersionDate "2021.10.06"]
[SourceQuality "1"]

1. Nf3 c5 2. c4 Nf6 3. d4 cxd4 4. Nxd4 g6 5. Nc3 Bg7 6. e4 O-O 7. Be2 Nc6 8. Be3 b6 9. Qd2 Re8 10. O-O Bb7 11. f3 Rc8 12. Rac1 d6 13. a3 Na5 14. Ncb5 a6 15. b4 e5 16. bxa5 exd4 17. Nxd4 bxa5 18. Rb1 Qe7 19. Qxa5 Bxe4 20. fxe4 Qxe4 21. Rb3 Rb8 22. Bf3 Rxb3 23. Bxe4 Rxe4 24. Bg5 Re5 25. Qd8+ Ne8 26. Nxb3 1-0

[Event "Riedstra mem U2000"]
[Site "Kitchener CAN"]
[Date "2012.03.11"]
[Round "5"]
[White "Gillanders, Robert"]
[Black "Wang, Eric1"]
[Result "1/2-1/2"]
[WhiteElo "1866"]
[BlackElo "1717"]
[PlyCount "99"]
[GameId "2160767909576074"]
[EventDate "2012.03.09"]
[EventType "swiss"]
[EventRounds "5"]
[EventCountry "CAN"]
[SourceTitle "EXT 2022"]
[Source "ChessBase"]
[SourceDate "2021.10.06"]
[SourceVersion "1"]
[SourceVersionDate "2021.10.06"]
[SourceQuality "1"]

1. d4 Nf6 2. c4 g6 3. Nc3 Bg7 4. e4 d6 5. Nf3 O-O 6. Be2 e5 7. O-O Nc6 8. d5 Ne7 9. b4 a5 10. bxa5 Rxa5 11. a4 Ne8 12. Ba3 f5 13. Bb4 Ra8 14. Qb3 Kh8 15. c5 f4 16. cxd6 Nxd6 17. Rac1 Rf7 18. Ng5 Rf8 19. Ne6 Bxe6 20. dxe6 Nc6 21. Bxd6 Qxd6 22. Nb5 Qe7 23. Rfd1 Rfd8 24. Rd5 Rac8 25. Rcd1 Re8 26. Bg4 Qg5 27. f3 h5 28. Bh3 Re7 29. Qc3 Bf8 30. Kh1 Nb8 31. Qxe5+ Qxe5 32. Rxe5 Bg7 33. Red5 Na6 34. Na3 Rce8 35. Nc4 Kh7 36. g3 fxg3 37. hxg3 c6 38. Rd7 Nc5 39. Rxe7 Rxe7 40. a5 Bc3 41. Rd7 Rxd7 42. exd7 Bf6 43. e5 Bd8 44. f4 Kg7 45. Kg1 Kf8 46. f5 gxf5 47. Bxf5 Ke7 48. Kf2 Nxd7 49. Bg6 Ke6 50. Bxh5 1/2-1/2

[Event "Riedstra mem U2000"]
[Site "Kitchener CAN"]
[Date "2012.03.11"]
[Round "5"]
[White "Hassain, Mahmud"]
[Black "Phillips, Shawn"]
[Result "1/2-1/2"]
[WhiteElo "1936"]
[BlackElo "1872"]
[PlyCount "38"]
[GameId "2160767909576075"]
[EventDate "2012.03.09"]
[EventType "swiss"]
[EventRounds "5"]
[EventCountry "CAN"]
[SourceTitle "EXT 2022"]
[Source "ChessBase"]
[SourceDate "2021.10.06"]
[SourceVersion "1"]
[SourceVersionDate "2021.10.06"]
[SourceQuality "1"]

1. e4 e5 2. Nf3 Nc6 3. Bb5 a6 4. Ba4 Nf6 5. O-O b5 6. Bb3 Be7 7. Re1 O-O 8. a4 Rb8 9. axb5 axb5 10. Nc3 d6 11. h3 h6 12. d4 exd4 13. Nd5 Nxd5 14. exd5 Ne5 15. Nxd4 Bd7 16. f4 Ng6 17. c3 Ra8 18. Rxa8 Qxa8 19. Bc2 Bh4 1/2-1/2

[Event "Riedstra mem U2000"]
[Site "Kitchener CAN"]
[Date "2012.03.11"]
[Round "5"]
[White "Li, Hongyi (Tony)"]
[Black "Supsup, Ferdinand"]
[Result "1/2-1/2"]
[WhiteElo "1702"]
[BlackElo "1889"]
[PlyCount "79"]
[GameId "2160767909576077"]
[EventDate "2012.03.09"]
[EventType "swiss"]
[EventRounds "5"]
[EventCountry "CAN"]

1. e4 e5 2. Nf3 Nf6 3. Nxe5 d6 4. Nxf7 Kxf7 5. d4 Be7 6. Bc4+ Be6 7. Bxe6+ Kxe6 8. O-O Kd7 9. e5 Ne8 10. Nc3 Kc8 11. exd6 Bxd6 12. Ne4 Bxh2+ 13. Kxh2 Qh4+ 14. Kg1 Qxe4 15. Re1 Qg6 16. c4 Nd7 17. b4 Nef6 18. c5 Ng4 19. f3 h5 20. Bf4 Nh6 21. c6 Nf6 22. cxb7+ Kxb7 23. Re5 Nd7 24. Rb5+ Nb6 25. a4 c6 26. Rg5 Qf6 27. a5 Qxf4 28. Rxg7+ Nf7 29. axb6 axb6 30. b5 cxb5 31. Rc1 Rac8 32. Rb1 Rc7 33. d5 Qf6 34. d6 Nxd6 35. Qd5+ Kb8 36. Rxc7 Kxc7 37. Rc1+ Kb8 38. Rc6 Qa1+ 39. Kh2 Nc4 40. Qxb5 1/2-1/2

[Event "Riedstra mem U2000"]
[Site "Kitchener CAN"]
[Date "2012.03.11"]
[Round "5"]
[White "Von Keitz, Michael"]
[Black "Kiss, Istvan3"]
[Result "1-0"]
[WhiteElo "1755"]
[BlackElo "1811"]
[PlyCount "68"]
[GameId "2160767909576078"]
[EventDate "2012.03.09"]
[EventType "swiss"]
[EventRounds "5"]
[EventCountry "CAN"]
[SourceTitle "EXT 2022"]
[Source "ChessBase"]
[SourceDate "2021.10.06"]
[SourceVersion "1"]
[SourceVersionDate "2021.10.06"]
[SourceQuality "1"]

1. e4 c6 2. d4 d5 3. Nc3 dxe4 4. Nxe4 Nf6 5. Nxf6+ exf6 6. c3 Bd6 7. Bd3 O-O 8. Qc2 g6 9. h4 Re8+ 10. Ne2 f5 11. h5 Be6 12. Bh6 Nd7 13. O-O-O Bf8 14. Bxf8 Nxf8 15. Qd2 Qf6 16. Qf4 g5 17. Qd2 Bxa2 18. Qc2 Be6 19. g4 f4 20. Bf5 Bb3 21. Qxb3 Rxe2 22. Qxb7 Rae8 23. Rd2 R2e7 24. Qb3 Re1+ 25. Rxe1 Rxe1+ 26. Kc2 Qd6 27. Qc4 Qd5 28. Qxd5 cxd5 29. Kb3 Ne6 30. Kb4 Kf8 31. Bxh7 Re2 32. Ka3 Re3 33. Kb3 a6 34. h6 Re4 1-0

[Event "Rodgers mem."]
[Site "Ottawa CAN"]
[Date "2012.09.13"]
[Round "1"]
[White "Pacey, Kevin"]
[Black "Zhang, Kevin Z"]
[Result "1-0"]
[WhiteElo "2245"]
[BlackElo "1850"]
[PlyCount "57"]
[GameId "2160767909445178"]
[EventDate "2012.09.13"]
[EventType "swiss"]
[EventRounds "6"]
[EventCountry "CAN"]

1. d4 Nf6 2. Nf3 g6 3. c4 Bg7 4. Nc3 d6 5. e4 O-O 6. Be2 Nc6 7. d5 Nb8 8. O-O e5 9. Ne1 Ne8 10. Nd3 f5 11. f3 Nf6 12. c5 Na6 13. b4 c6 14. dxc6 bxc6 15. cxd6 Qxd6 16. Be3 Nd7 17. b5 Nc7 18. Nc5 Qxd1 19. Rfxd1 Nb8 20. Bc4+ Kh8 21. bxc6 Nxc6 22. Nd5 Ne6 23. Nxe6 Bxe6 24. Nc7 Bxc4 25. Nxa8 Rxa8 26. Rdc1 Bb5 27. a4 Na5 28. axb5 Nb3 29. Rxa7 1-0

[Event "Sainte Adele Superfest U2000"]
[Site "Sainte Adele CAN"]
[Date "2012.08.15"]
[Round "1"]
[White "Cetta, Andrea"]
[Black "Vanden, Ronald E"]
[Result "1/2-1/2"]
[WhiteElo "1839"]
[BlackElo "1707"]
[PlyCount "102"]
[GameId "2160767909445503"]
[EventDate "2012.08.15"]
[EventType "swiss"]
[EventRounds "5"]
[EventCountry "CAN"]
[SourceTitle "EXT 2022"]
[Source "ChessBase"]
[SourceDate "2021.10.06"]
[SourceVersion "1"]
[SourceVersionDate "2021.10.06"]
[SourceQuality "1"]

1. d4 d5 2. c4 c6 3. Nc3 Nf6 4. e3 Nbd7 5. Nf3 e6 6. Qc2 Ne4 7. Nxe4 dxe4 8. Qxe4 Nf6 9. Qc2 Bd6 10. Bd3 O-O 11. O-O g6 12. e4 Nh5 13. e5 Be7 14. Be3 Ng7 15. g4 Kh8 16. Be4 Bd7 17. Rad1 Qc7 18. g5 Rfd8 19. Qd2 b6 20. Kg2 Rac8 21. h4 a5 22. a3 Qb8 23. Rh1 Nh5 24. Bf4 Qa7 25. Nh2 Qa6 26. Rc1 Bf8 27. Ng4 c5 28. Nf6 cxd4 29. Nxh5 gxh5 30. Qxd4 Bc6 31. Qe3 Bc5 32. Qf3 Qb7 33. Bxc6 Qxc6 34. Rhd1 Qxf3+ 35. Kxf3 Rxd1 36. Rxd1 Rc7 37. Rc1 Rd7 38. Be3 a4 39. Bxc5 bxc5 40. Ke3 Rd4 41. f4 Kg7 42. Rc3 Kg6 43. b4 axb3 44. Rxb3 Rxc4 45. Rd3 Rc1 46. Kd2 Rc4 47. Ke3 Kg7 48. Rd7 Rc3+ 49. Rd3 Rc4 50. Rd7 Ra4 51. Rd3 Rc4 1/2-1/2